000 01656cam a2200445 i 4500
999 _c117325
_d117325
003 BJBSDDR
005 20230411090833.0
007 ta
008 190606s2019 nyua b 001 0 eng
020 _a9781501192401
040 _aDLC
_beng
_cDLC
041 _aspa
042 _apcc
050 0 0 _aBS 1225.2
_bF911w 2019
082 0 0 _a222.1066
_223
100 1 _aFriedman, Richard Elliott,
_eauthor.
245 1 0 _aWho wrote the Bible? /
_cRichard Elliott Friedman.
250 _aFirst Simon & Schuster trade paperback edition.
264 1 _aNew York :
_bSimon & Schuster,
_c2019.
300 _axv, 282 pages :
_billustrations, maps ;
_c22 cm
336 _atext
_btxt
_2rdacontent
337 _aunmediated
_bn
_2rdamedia
338 _avolume
_bnc
_2rdacarrier
500 _aIncludes a new epilogue: "What has happened since the original edition in 1987."
504 _aIncludes bibliographical references and index.
630 0 0 _aBible.
_pPentateuch
_xAuthorship.
630 0 0 _aBible.
_pHistorical Books
_xAuthorship.
630 0 0 _aBible.
_pPentateuch
_xCriticism, interpretation, etc.
630 0 0 _aBible.
_pHistorical Books
_xCriticism, interpretation, etc.
650 0 _aDocumentary hypothesis (Pentateuchal criticism)
650 0 _aRELIGION / Biblical Criticism & Interpretation / Old Testament.
650 0 _aRELIGION / Biblical Studies / Old Testament.
650 0 _aRELIGION / Christian Theology.
650 0 _aAuthorship.
655 7 _aCriticism, interpretation, etc.
906 _a7
_bcbc
_corignew
_d2
_encip
_f20
_gy-gencatlg
942 _2lcc
_cBK
946 _ilmm